| 000 | 00520nam a2200193Ia 4500 | ||
|---|---|---|---|
| 008 | 220216s9999 xx 000 0 und d | ||
| 100 | _aGarrity D P | ||
| 245 | 0 | _aAgroforestry and the achievement of the millennium development goals | |
| 260 |
_bAgroforestry Systems _c2004 |
||
| 300 | _a17-May | ||
| 650 | _aCommercialization | ||
| 650 | _aDevelopment goals | ||
| 650 | _aDomestication | ||
| 650 | _aMarkets | ||
| 650 | _aNutrient replenishment | ||
| 650 | _aPolicy | ||
| 650 | _aTree products | ||
| 942 | _cJS | ||
| 999 |
_c53984 _d53984 |
||